000
00329 a2200157 4500
001
168951
020
_a
040
_c
Magnum
100
_a
Usberco, Joao
240
1
0
_a
Quimica 1 - quimica geral
_l
por
245
1
0
_a
Quimica 1 - quimica geral
362
0
_a
1899
440
1
_a
Saraiva
697
_a
PARADIDATICO
942
_c
BK
999
_c
168951
_d
168951